000 00398nam a2200133Ia 4500
008 231129s2015||||xx |||||||||||||| ||spa||
020 _a978-958-754-136-6
082 _a620.11 M767e
100 _aMontoya Vallecilla
245 0 _aElementos básicos de Resistencia de Materiales
260 _c2015
264 _aIbagué: Universidad del Ibagué
942 _2ddc
_cBKS
999 _c12750
_d12750